Представление документа в формате RUSMARC

ПолеНазваниеЗначение
  Тип записи a
  Библиографический уровень a
001 Контрольный номер RU/CBS_UL/BASE/2bc1dbe810fa46fca198a49ac22a7874
005 Дата корректировки 20250122233008.9
100 Данные общей обработки __
a Данные общей обработки 20230426 ||| 0rusy0189 ca
101 Язык документа 0_
a Язык текста rus
102 Страна публикации __
a Страна публикации RU
200 Заглавие и сведения об ответственности 1_
a Заглавие Как космос "Вызов" принял
e Сведения, относящиеся к заглавию [беседа с режиссёром К. Шипенко о том, как проходили съёмки фильма "Вызов"]
f Первые сведения об ответственности Е. Садкова
300 Общие примечания __
a Общие примечания 16+
461 Уровень набора _0
1 2000
a Аргументы и факты
463 Уровень физической единицы _0
1 2000
a № 16 (19-25 апр.)
v С. 19 : фот.
1 2101
d 2023
1 001RU/CBS_UL/BASE/dd0ae958289d4fd8b07bdf871528350a
600 Персоналии _1
a Персоналии (Фамилия) Шипенко
b Персоналии (Имя, инициалы) К.А.
606 Тематические рубрики 0_
a Основная рубрика Художественно-игровое кино - Российская Федерация, 21 в.
610 Ключевые слова 0_
a Ключевые слова художественно-игровое кино
610 Ключевые слова 0_
a Ключевые слова российское кино
610 Ключевые слова 0_
a Ключевые слова кинофильмы
610 Ключевые слова 0_
a Ключевые слова кинофильмы российские
610 Ключевые слова 0_
a Ключевые слова кинофильмы о космосе
610 Ключевые слова 0_
a Ключевые слова космос в кино
610 Ключевые слова 0_
a Ключевые слова Вызов (фильмы)
686 Индексы других классификаций __
2 Код системы rubbk
a Классификационный индекс 85.374(2)
700 Автор _1
a Фамилия Садкова
b Имя (инициалы) Е.
801 Источник записи _0
a Страна RU
b Организация МБУК ЦБС г. Ульяновска
c Дата составления 20230426
g Правила каталогизации RCR
801 Источник записи _1
a Страна RU
b Организация МБУК ЦБС г. Ульяновска
c Дата составления 20230426
g Правила каталогизации RCR
901 Тип документа __
t Тип документа f
w Контрольный № источника RU/CBS_UL/BASE/dd0ae958289d4fd8b07bdf871528350a